000 00276nam a2200109Ia 4500
008 220204s9999 xx 000 0 und d
082 _a33:301
_bHIR
100 _aHIRSCH, Fred
245 0 _aSocial limits to growth
260 _aLondon
_bRoutledge& Kegan Paul
_c1976
942 _cBK
999 _c27790
_d27790